Sobre la teoría de la relatividad y otras aportaciones científicas
Сохранить в:
| Главный автор: | |
|---|---|
| Формат: | |
| Язык: | испанский |
| Опубликовано: |
Madrid
SARPE
1983
|
| Редактирование: | 1a. ed |
| Серии: | Los Grandes Pensadores, 3
|
| Предметы: | |
| Метки: |
Добавить метку
Нет меток, Требуется 1-ая метка записи!
|
MARC
| LEADER | 00000cam a2200000 a 4500 | ||
|---|---|---|---|
| 001 | UCE2230 | ||
| 003 | CL-VaPUC | ||
| 008 | 140619e19830000sp |||||||||||||||||spa|d | ||
| 020 | |a 8449968356 | ||
| 082 | 0 | 4 | |a 530.11 |b EIN |2 21 |
| 100 | |a Einstein, Albert |e autor |9 266229 | ||
| 245 | 1 | 0 | |a Sobre la teoría de la relatividad y otras aportaciones científicas |
| 250 | |a 1a. ed | ||
| 300 | |a 279 p | ||
| 942 | |c BK | ||
| 945 | |d 20140619 13:53:00 |a dcastane | ||
| 260 | |a Madrid |b SARPE |c 1983 | ||
| 650 | 7 | |a RELATIVIDAD FISICA |2 CL-VaPUC |9 265410 | |
| 650 | 0 | |a Física |9 227844 | |
| 650 | 0 | |a Teoría de la relatividad |9 266149 | |
| 583 | |a last modification |c 20140619 13:53:00 |k Rodrigo Vera | ||
| 490 | 0 | |a Los Grandes Pensadores, 3 | |
| 999 | |c 355879 |d 355877 | ||
| 952 | |0 0 |1 0 |3 erd |4 0 |6 530_110000000000000_EIN_1983 |7 0 |8 X |9 462818 |a FDOBUD |b FDOBUD |i 5042356 |o 530.11 EIN 1983 |p 5042356 |r 2019-11-23 |w 2019-11-23 |y BK_X |z Catalogado en:20140619 |k BUD | ||